Tilastot visalle Valtiot, joiden nimessä on O

Klikkaa tästä pelataksesi tätä visaa!

Yleistilastot

  • Tätä visaa on pelattu 311 kertaa
  • Keskiarvotulos 53 / 66

Vastaustilastot

vihjevaltio% Oikein
1 x ONorja
96%
1 x OSuomi
96%
3 x OKosovo
93%
1 x OOman
92%
3 x OKongon demokraattinen tasavalta
91%
2 x OKongon tasavalta
91%
2 x OMontenegro
91%
1 x OPortugali
90%
1 x ORuotsi
90%
1 x OSomalia
89%
1 x OBolivia
88%
2 x OMonaco
87%
1 x OIndonesia
86%
2 x OMongolia
86%
3 x OPohjois-Korea
86%
1 x ODominica
85%
1 x OEtelä-Korea
85%
1 x OKolumbia
85%
1 x ORomania
85%
1 x ODominikaaninen tasavalta
84%
2 x OKomorit
84%
2 x OMarokko
84%
1 x OSlovenia
84%
2 x OBosnia ja Hertsegovina
83%
2 x OMoldova
83%
1 x OPuola
83%
1 x OSlovakia
83%
1 x OTonga
83%
1 x OAlankomaat
82%
1 x OAndorra
82%
3 x OPohjois-Makedonia
82%
2 x OTogo
82%
1 x OViro
82%
1 x OEtiopia
81%
1 x OHonduras
81%
1 x OJordania
81%
2 x OLesotho
80%
2 x ONorsunluurannikko
80%
1 x OAngola
79%
1 x OMosambik
77%
2 x OSalomonsaaret
77%
1 x OSan Marino
77%
2 x OSão Tomé ja Príncipe
77%
1 x OGeorgia
76%
1 x OKroatia
76%
1 x OLaos
76%
1 x OCosta Rica
75%
1 x OSamoa
75%
1 x OBotswana
74%
1 x OKypros
74%
1 x OMeksiko
74%
2 x OTrinidad ja Tobago
74%
1 x OValko-Venäjä
73%
1 x ODjibouti
72%
1 x OKambodža
72%
1 x OEcuador
69%
1 x OGabon
69%
1 x OSingapore
68%
1 x OBarbados
66%
1 x OEl Salvador
66%
1 x OItä-Timor
66%
1 x OLibanon
66%
1 x OBurkina Faso
64%
1 x OMikronesia
64%
1 x OSierra Leone
61%
1 x OVatikaanivaltio
60%

Tulosjakauma

Persentiili vastausten määrän mukaan

Jokaisen tuloksen saaneiden osuus

Tuloshistoriasi

Et ole pelannut tätä visaa